00905nam a2200253 4500003000400000005001700004008004100021040002400062041000900086050001900095245002200114264002200136300001800158336002200176337002400198338002400222520015000246650002900396650004700425650004100472650004800513650004100561650004900602OSt20260530113912.0260505b2019 mx |||| |||| 00| 0 spa d aICI bspacICIerda aspa  aF1234bP532019 aEl Plan de Ayala. aMéxico : c2019 a41 páginas  2rdacontentatexto 2rdamediaasin medio 2rdacarrieravolumen aAnálisis del Plan de Ayala como documento clave de la Revolución Mexicana, centrado en la reforma agraria y las demandas sociales campesinas. aPlan de AyalaxHistoria. aRevolución Mexicana, 1910-1917xFuentes. aReforma agrariaxHistoria.zMéxico aCampesinosxMovimientos sociales.zMéxico aJusticia socialxHistoria zMéxico aMéxico xHistoriayRevolución, 1910-1917